Australia multiple choice quiz - Statistics

General Stats
  • This quiz has been taken 9 times
  • The average score is 4 of 10
Answer Stats
Question Answer % Correct
A marsupial that lives in Tasmania is the ______________ Tasmanian devil
100%
There is a fence longer than the ________________ in Australia Great wall of China
67%
What flag does Australia's flag resemble New Zealand
67%
In Australia there is a ____ island that's bigger than most countries Sand
44%
Aboriginal people have been in Australia for _____ years 65,000
33%
National in Australia parks cover more area than this European country Germany
33%
What is Australia's most deadliest snake Inland taipian
33%
What is Australia's population (Rounded to the nearest million) 27.7million
22%
What is Australia's land area (Rounded to the nearest million) 7.69million km2
22%
The Sydney opera house was inspired by... Oranges
22%
No matching quizzes found
Score Distribution
Percent of People with Each Score
Percentile by Number Answered
Your Score History
You have not taken this quiz